Tiere, die mit A beginnen - Statistiken

Allgemein
  • Dieses Quiz wurde 948 mal gespielt
    380 seit der letzten Aktualisierung
  • Das Durchschnittsergebnis liegt bei 11 aus 16
Antwortstatistiken
Beschreibung Antwort % Korrekt
Tiergattung, die alphabetisch als erstes kommt Aal
100%
Verwandter des Krokodils Alligator
97%
Tier, das bekannt für sein gutes Auge ist Adler
91%
Sieht ähnlich aus wie ein Lama Alpaka
90%
Feind der Picknicks Ameise
84%
Schwarzer Vogel, am weitesten verbreiteter Vertreter der Familie der Drosseln in Europa Amsel
84%
Schwerste Schlangenart Anakonda
83%
Amerikanisches Säugetier, das die obigen frisst Ameisenbär
75%
Meeresfrüchte in Muschelschalen, bekannt für ihren salzigen Geschmack Austern
72%
Impala, Gazelle, Dikdik usw… Antilope
65%
Clownfische leben in ihnen Anemone
58%
Schuppenkriechtier - EchseAls Haustier in der Unterart Bart_____ beliebt Agame
54%
Es bringt Pech für einen Seemann, diesen Vogel zu töten Albatros
46%
Aquarisch lebender Schwanzlurch, der nur als Dauerlarve auftritt Axolotl
34%
Gepanzertes amerikanisches Säugetier Armadillo
24%
Ein wildes ziegenartiges Tier, das in den Alpen lebt und für seine beeindruckenden Hörner bekannt ist Alpensteinbock
18%
Keine übereinstimmenden Quizze gefunden
Verteilung der Resultate
Anzahl Personen mit jedem Resultat
Perzentil nach korrekt beantworteten Fragen
Ihre Resultats-Entwicklung
Sie haben dieses Quiz seit der letzten Aktualisierung nicht gespielt